Belief and unbelief in Hispanic literature: papers from a conference at the University of Hull, 12 and 13 December 1994
| Contributors: | |
|---|---|
| Format: | Print Book |
| Language: | English German |
| Subito Delivery Service: | Order now. |
| Check availability: | HBZ Gateway |
| WorldCat: | WorldCat |
| Interlibrary Loan: | Interlibrary Loan for the Fachinformationsdienste (Specialized Information Services in Germany) |
| Published: |
Warminster
Aris & Phillips
1995
|
| In: | Year: 1995 |
| Standardized Subjects / Keyword chains: | B
Spanish language
/ Hispano-America
/ Literature
/ Religion (Motif)
|
| Further subjects: | B
Literature
B Spanish literature History and criticism Congresses B Spanish American literature History and criticism Congresses B Belief and doubt in literature Congresses B Religion in literature Congresses B Conference program 1994 (Kingston-upon-Hull) B Conference program |
MARC
| LEADER | 00000cam a2200000 c 4500 | ||
|---|---|---|---|
| 001 | 186171358 | ||
| 003 | DE-627 | ||
| 005 | 20251222203705.0 | ||
| 007 | tu | ||
| 008 | 950719s1995 xxk||||| 00| ||eng c | ||
| 016 | 7 | |a 0856686565 |2 UK | |
| 020 | |a 0856686565 |c : £ 9.95 (kart.) |9 0-85668-656-5 | ||
| 020 | |a 0856686573 |9 0-85668-657-3 | ||
| 020 | |z 0856686573 | ||
| 035 | |a (DE-627)186171358 | ||
| 035 | |a (DE-576)052930335 | ||
| 035 | |a (DE-599)GBV186171358 | ||
| 035 | |a (OCoLC)231663466 | ||
| 035 | |a (OCoLC)34665857 | ||
| 035 | |a (DE-604)8107308304 | ||
| 040 | |a DE-627 |b ger |c DE-627 |e rakwb | ||
| 041 | |a eng |a ger | ||
| 044 | |c XA-GB | ||
| 050 | 0 | |a PQ6046.R4 | |
| 082 | 0 | |a 860.9 | |
| 082 | 0 | |a 860.9/384 | |
| 082 | 0 | |a 868.308 | |
| 082 | 0 | |a 860.80382 | |
| 084 | |a 7,34 |2 ssgn | ||
| 084 | |a 1 |2 ssgn | ||
| 084 | |a IN 2280 |2 rvk |0 (DE-625)rvk/61217: | ||
| 084 | |a 18.32 |2 bkl | ||
| 084 | |a 18.33 |2 bkl | ||
| 084 | |a 17.93 |2 bkl | ||
| 245 | 0 | 0 | |a Belief and unbelief in Hispanic literature |b papers from a conference at the University of Hull, 12 and 13 December 1994 |c ed. by Helen Wing ... |
| 263 | |a kart. : £ 9.95 | ||
| 264 | 1 | |a Warminster |b Aris & Phillips |c 1995 | |
| 300 | |a VI, 185 S. |b ill |c 21 cm | ||
| 336 | |a Text |b txt |2 rdacontent | ||
| 337 | |a ohne Hilfsmittel zu benutzen |b n |2 rdamedia | ||
| 338 | |a Band |b nc |2 rdacarrier | ||
| 500 | |a Re-reading Hispanic literature | ||
| 583 | 1 | |a Archivierung prüfen |c 20200919 |f DE-640 |z 2 |2 pdager | |
| 583 | 1 | |a Archivierung/Langzeitarchivierung gewährleistet |f SSG |x XA-DE-BW |2 pdager |5 DE-21 | |
| 601 | |a Université | ||
| 650 | 4 | |a Literature | |
| 653 | 0 | |a Spanish literature |a History and criticism |a Congresses | |
| 653 | 0 | |a Spanish American literature |a History and criticism |a Congresses | |
| 653 | 0 | |a Religion in literature |a Congresses | |
| 653 | 0 | |a Belief and doubt in literature |a Congresses | |
| 655 | 7 | |a Konferenzschrift |0 (DE-588)1071861417 |0 (DE-627)826484824 |0 (DE-576)433375485 |2 gnd-content | |
| 655 | 7 | |a Konferenzschrift |y 1994 |z Kingston-upon-Hull |0 (DE-588)1071861417 |0 (DE-627)826484824 |0 (DE-576)433375485 |2 gnd-content | |
| 689 | 0 | 0 | |d s |0 (DE-588)4077640-2 |0 (DE-627)106079557 |0 (DE-576)20920589X |2 gnd |a Spanisch |
| 689 | 0 | 1 | |d g |0 (DE-588)4194079-9 |0 (DE-627)10426151X |0 (DE-576)210091703 |2 gnd |a Hispanoamerika |
| 689 | 0 | 2 | |d s |0 (DE-588)4035964-5 |0 (DE-627)106245015 |0 (DE-576)209015608 |2 gnd |a Literatur |
| 689 | 0 | 3 | |d s |0 (DE-588)4207560-9 |0 (DE-627)105119164 |0 (DE-576)210181516 |2 gnd |a Religion |g Motiv |
| 689 | 0 | |5 (DE-627) | |
| 700 | 1 | |8 1\p |e Hrsg. |0 (DE-588)1056787007 |0 (DE-627)795020163 |0 (DE-576)412105241 |4 edt |a Wing, Helen | |
| 883 | |8 1\p |a cgwrk |d 20241001 |q DE-101 |u https://d-nb.info/provenance/plan#cgwrk | ||
| 935 | |a mteo | ||
| 935 | |i Blocktest | ||
| 936 | r | v | |a IN 2280 |b Literaturessays |k Romanistik |k Spanische Literatur i.A. und Spanische Literatur im Mittelalter |k Spanische Literatur im allgemeinen |k Literaturgeschichte |k Literaturessays |0 (DE-627)1271225972 |0 (DE-625)rvk/61217: |0 (DE-576)201225972 |
| 936 | b | k | |a 18.32 |j Spanische Literatur |0 (DE-627)106415514 |
| 936 | b | k | |a 18.33 |j Spanische Literatur außerhalb Spaniens |0 (DE-627)106415522 |
| 936 | b | k | |a 17.93 |j Literarische Stoffe |j literarische Motive |j literarische Themen |0 (DE-627)106404490 |
| 951 | |a BO | ||
| ACO | |a 1 | ||
| ELC | |b 1 | ||
| ITA | |a 1 |t 1 | ||
| LOK | |0 000 xxxxxcx a22 zn 4500 | ||
| LOK | |0 001 3128858098 | ||
| LOK | |0 003 DE-627 | ||
| LOK | |0 004 186171358 | ||
| LOK | |0 005 20020612000000 | ||
| LOK | |0 008 971114||||||||||||||||ger||||||| | ||
| LOK | |0 040 |a DE-21 |c DE-627 |d DE-21 | ||
| LOK | |0 852 |a DE-21 | ||
| LOK | |0 852 1 |c 12 E 4812 |9 00 | ||
| LOK | |0 935 |a theo | ||
| LOK | |0 936ln |a t4.7 | ||
| LOK | |0 939 |a 14-11-97 |b l01 | ||
| ORI | |a SA-MARC-ixtheoa001.raw | ||
| REF | |a Literaturmotiv,Spanische Literatur,Spanischsprachige Literatur | ||
| REL | |a 1 | ||
| STA | 0 | 0 | |a Hispano-America,Spanish America,Literature,Literature,Belles-lettres,Spanish language,Castilian language |
| STB | 0 | 0 | |a Littérature,Littérature,espagnol |
| STC | 0 | 0 | |a Español,Literatura,Literatura |
| STD | 0 | 0 | |a Letteratura,Letteratura,Spagnolo |
| STE | 0 | 0 | |a 文学 |
| STF | 0 | 0 | |a 文學,西班牙语会话手册 |
| STG | 0 | 0 | |a Espanhol,Literatura,Literatura |
| STH | 0 | 0 | |a Испанский (язык),Литература (мотив),Литература |
| STI | 0 | 0 | |a Ισπανική γλώσσα,Ισπανικά,Λογοτεχνία (μοτιβο),Λογοτεχνία |
| SUB | |a REL | ||
| SYG | 0 | 0 | |a Kastilisch,Spanische Sprache , Lateinamerika,Spanischamerika , Belletristik,Dichtung,Literarisches Kunstwerk,Schöne Literatur,Sprachkunst,Sprachliches Kunstwerk,Wortkunst,Belletristik,Dichtung,Schöne Literatur,Sprachkunst,Wortkunst , Religion,Mystik,Mythologie |
| TIM | |a 100019940101_100019941231 |b 1994 - 1994 | ||